000 01138nam a22002177a 4500
999 _c61253
_d61253
003 Ge_BSU
005 20240111154420.0
008 240111s2021 ge ||||| |||| 00| 0 geo d
020 _a9789941820465
041 _ageo
080 _a657.15(075.8) ს-13
100 _aსაბაური, ლევან
_914161
245 _aშესავალი ფინანსურ აღრიცხვაში :
_bაღრიცხვა, ანალიზი, აუდიტი : [სახელმძღვანელო] /
_cლ. საბაური, ნ. კვატაშიძე; სამეცნიერო რედაქტორი ლევან საბაური.
264 _aთბილისი :
_bშ.პ.ს. "ფორმა",
_c2021.
300 _a370 გვ. :
_bილ., ცხრ. ;
_c30 სმ.
504 _aბიბლიოგრაფია: გვ. 305-308.
653 _aფინანსური აღრიცხვა
653 _aაუდიტი
700 _aკვატაშიძე, ნადეჟდა
_eავტორი
_913182
942 _2udc
_cᲬᲘᲒᲜᲘ